| 000 | 00404nam a2200145Ia 4500 | ||
|---|---|---|---|
| 008 | 150201s2012 xx 000 0 und d | ||
| 082 |
_a617.601 _bP2012M |
||
| 100 | _aMARYA,CM | ||
| 245 | 2 | _aA PRACTICAL MANUAL OF PUBLIC HEALTH DENTISTRY | |
| 250 | _a1ST | ||
| 260 |
_bJAYPEE MEDICAL PUBLISHER _aNEW DELHI _c2012 |
||
| 300 | _a1-248 | ||
| 650 | _aPREVENTIVE AND COMMUNITY DENTISTRY | ||
| 942 |
_2ddc _cBK _040 |
||
| 999 |
_c4800 _d4800 |
||